|
|
|
|
| LEADER |
00000cam a2200000 7i4500 |
| 001 |
0000024219 |
| 005 |
20081210.0 |
| 008 |
081210 |
| 020 |
|
|
|a 9830681432
|
| 090 |
0 |
0 |
|a 371.2
|b WES
|
| 100 |
1 |
|
|a West-Burnham, John
|
| 245 |
1 |
0 |
|a Mengembangkan profesionalisme di sekolah
|c John West-Burnham & Fergus O'Sullivan ; penterjemah Hamidah Baba
|
| 260 |
|
|
|a Kuala Lumpur :
|b ITNM ,
|c 2006
|
| 440 |
|
|
|a Siri kepimpinan & pengurusan sekolah
|
| 650 |
|
0 |
|a Professional development
|
| 650 |
|
0 |
|a School management and organization
|
| 700 |
0 |
|
|a Hamidah Baba
|
| 700 |
0 |
|
|a O'Sullivan, Fergus
|
| 999 |
|
|
|a 0001025184
|b Book
|c Adult Collection
|e Perbadanan Perpustakaan Awam Johor
|